Statistiques concernant Pays du monde commençant par M et N.

Cliquez ici pour prendre le quiz!

Statistiques générales

  • Ce quiz a été pris 369 fois
    (291 depuis la dernière actualisation)
  • Le résultat moyen est 16 sur 25

Statistiques - réponses

Réponse% Correct
Mauritanie
81%
Maroc
75%
Nicaragua
71%
Namibie
70%
Mali
69%
Mongolie
69%
Madagascar
68%
Niger
68%
Nigeria
67%
Moldavie
66%
Mozambique
64%
Malaisie
63%
Mexique
63%
Monténégro
63%
Macédoine du Nord
62%
Népal
62%
Norvège
61%
Nauru
60%
Nouvelle-Zélande
59%
Monaco
58%
Malawi
53%
Maldives
53%
Malte
52%
Maurice
46%
Micronésie.
39%

Distribution des résultats

Percentile par nombre de réponses

% des personnes avec chaque résultat

Votre développement - résultats

Vous n’avez pas pris ce quiz depuis la dernière actualisation